Documenting people on the margins : a photography workshop on Sexual and Reproductive Health and Rights (SRHR) /

Bibliographic Details
Other Authors: Alam, Farhana (Editor), Alam, Dia (Editor), Jalil, Tasfiyah (Editor)
Format: Book
Language:English
Published: Dhaka : BRAC James P. Grant School of Public Health, BRAC University, ?
Subjects:
Classic Catalogue: View this record in Classic Catalogue
LEADER 01497nam a22003017a 4500
001 44326
003 BD-DhAAL
005 20250428112611.0
008 250428n bg a|||| |||| 00| 0 eng d
040 |a BD-DhAAL  |c BD-DhAAL 
082 |a 306.7  |2 23 
245 |a Documenting people on the margins :  |b a photography workshop on Sexual and Reproductive Health and Rights (SRHR) /  |c editor, Farhana Alam, Dia Alam, Tasfiyah Jalil ; foreword by Shehzad Noorani. 
246 |a Documenting people on the margins 
260 |a Dhaka :  |b BRAC James P. Grant School of Public Health, BRAC University,  |c ? 
300 |a 126 pages :  |b color illustrations ;  |c 15 cm 
541 |a Donated by Professor Syed Mahfuzul Aziz (Former Pro Vice-Chancellor)  |e 44326 
650 |a Reproductive rights. 
650 |a Sexual rights.  |9 58198 
650 |a Reproductive health. 
650 |a Sexual health. 
700 |a Alam, Farhana,  |e editor.  |9 58195 
700 |a Alam, Dia,  |e editor.  |9 58196 
700 |a Jalil, Tasfiyah,  |e editor.  |9 58197 
710 |a James P. Grant School of Public Health (BRAC University),  |e associated name. 
852 |a Ayesha Abed Library  |c General Stacks 
942 |2 ddc  |c BK 
999 |c 47295  |d 47295 
952 |0 0  |1 0  |2 ddc  |4 0  |6 306_700000000000000_DOC  |7 0  |9 77672  |a BRACUL  |b BRACUL  |c GEN  |d 2025-04-28  |e Donated by Professor Syed Mahfuzul Aziz (Former Pro Vice-Chancellor)  |l 1  |m 12  |o 306.7 DOC  |p 3010044326  |r 2026-05-18  |s 2026-03-01  |t 1  |w 2025-04-28  |y BK  |x Donated by Professor Syed Mahfuzul Aziz (Former Pro Vice-Chancellor)